[Event "Manitoba op"]
[Site "Winnipeg CAN"]
[Date "2025.05.11"]
[Round "5.4"]
[White "Currie, James"]
[Black "Hamm, Gabriel"]
[Result "0-1"]
[WhiteElo "1960"]
[BlackElo "2003"]
[WhiteFideId "-1"]
[WhiteFideId "-1"]
[PlyCount "92"]
[GameId "2183595120118290"]
[EventDate "2025.05.09"]
[EventType "swiss"]
[EventRounds "5"]
[EventCountry "CAN"]

1. e4 e5 2. f4 exf4 3. Nf3 d5 4. exd5 Nf6 5. Bb5+ Bd7 6. Qe2+ Be7 7. Ne5 O-O 8. Nxd7 Nbxd7 9. O-O Nxd5 10. d4 Re8 11. Qf3 c6 12. Ba4 Qb6 13. c3 Bd6 14. Kh1 Ne3 15. Rg1 Qa5 16. Bb3 Nf6 17. g4 Nfxg4 18. Bxe3 Nxe3 19. Nd2 Qf5 20. h4 h6 21. h5 Kh8 22. Rae1 Re7 23. Re2 Rae8 24. Rh2 Qf6 25. a3 Nf5 26. Nf1 Ng3+ 27. Nxg3 fxg3 28. Qxf6 gxf6 29. Rh3 Rg8 30. Kg2 f5 31. Bd1 f4 32. Bf3 Re3 33. Rh4 f5 34. Rd1 Rge8 35. Rd2 Re1 36. c4 Rc1 37. Be2 Kg7 38. d5 c5 39. Rh1 Rxe2+ 40. Rxe2 f3+ 41. Kxf3 Rxh1 42. Re6 Rf1+ 43. Ke2 Rf2+ 44. Ke1 Bf4 45. b4 Bd2+ 46. Kd1 g2 0-1

[Event "Manitoba op"]
[Site "Winnipeg CAN"]
[Date "2025.05.11"]
[Round "5.5"]
[White "Punay, Rhailey"]
[Black "Babb, Jeff"]
[Result "0-1"]
[WhiteElo "1845"]
[BlackElo "2036"]
[WhiteFideId "-1"]
[WhiteFideId "-1"]
[PlyCount "104"]
[GameId "2183595120118291"]
[EventDate "2025.05.09"]
[EventType "swiss"]
[EventRounds "5"]
[EventCountry "CAN"]

1. e4 d5 2. exd5 Qxd5 3. Nc3 Qd6 4. Nf3 Nf6 5. d4 c6 6. Ne5 Nbd7 7. Nxd7 Bxd7 8. Bc4 Bg4 9. Be2 Bf5 10. Be3 e6 11. Qd2 Qc7 12. Bd3 Bxd3 13. Qxd3 Bb4 14. a3 Bd6 15. Ne4 Nxe4 16. Qxe4 O-O 17. O-O-O Rfd8 18. Bg5 Be7 19. h4 Rd7 20. g4 Rad8 21. Be3 Qa5 22. g5 Qd5 23. Qg4 Qa2 24. c3 Qb3 25. Qe4 Bxa3 26. bxa3 Qxc3+ 27. Qc2 Qxa3+ 28. Qb2 Qa6 29. Qc3 Rd5 30. Kc2 c5 31. Rd2 Qa4+ 32. Qb3 Qxb3+ 33. Kxb3 cxd4 34. Bf4 e5 35. Bg3 Rc8 36. Re1 f6 37. Rd3 Rb5+ 38. Ka4 a6 39. gxf6 gxf6 40. f4 Rc2 41. fxe5 Ra2+ 42. Ra3 Ra5+ 43. Kxa5 Rxa3+ 44. Kb6 Rxg3 45. exf6 Rb3+ 46. Ka5 Kf7 47. Rf1 Rb5+ 48. Ka4 Rb6 49. Rf4 Rxf6 50. Rxd4 Ke7 51. Rb4 b6 52. Rd4 h5 0-1

[Event "Manitoba op"]
[Site "Winnipeg CAN"]
[Date "2025.05.11"]
[Round "5.6"]
[White "Ghobrial, Youssef"]
[Black "Bilugan, Mason"]
[Result "0-1"]
[WhiteElo "1814"]
[BlackElo "1931"]
[WhiteFideId "-1"]
[WhiteFideId "-1"]
[PlyCount "70"]
[GameId "2183595120118292"]
[EventDate "2025.05.09"]
[EventType "swiss"]
[EventRounds "5"]
[EventCountry "CAN"]

1. d4 Nf6 2. Bf4 d6 3. Nf3 g6 4. e3 Bg7 5. Bd3 O-O 6. h3 Nc6 7. O-O Re8 8. Bb5 a6 9. Bxc6 bxc6 10. c4 Rb8 11. Qe2 h6 12. Nc3 Be6 13. e4 Rb4 14. d5 Bd7 15. a3 Rb3 16. Nd4 Nxd5 17. Nxb3 Nxf4 18. Qe3 e5 19. Ne2 Qh4 20. Nd2 g5 21. Nf3 Qh5 22. Ng3 Qg6 23. Qa7 Rc8 24. Qxa6 h5 25. Nf5 Bxf5 26. exf5 Qxf5 27. Nxg5 Rb8 28. Nf3 Nxh3+ 29. Kh2 e4 30. Nh4 Be5+ 31. g3 Qg4 32. Ng2 Nxf2 33. Rxf2 Bxg3+ 34. Kg1 Bxf2+ 35. Kxf2 Rxb2+ 0-1

[Event "Manitoba op"]
[Site "Winnipeg CAN"]
[Date "2025.05.11"]
[Round "5.7"]
[White "Gres, Yakiv"]
[Black "Hui, Zelus"]
[Result "1-0"]
[WhiteElo "2006"]
[BlackElo "1829"]
[WhiteFideId "-1"]
[WhiteFideId "-1"]
[PlyCount "97"]
[GameId "2183595120118293"]
[EventDate "2025.05.09"]
[EventType "swiss"]
[EventRounds "5"]
[EventCountry "CAN"]

1. e4 e6 2. d4 d5 3. Nc3 dxe4 4. Nxe4 Bd7 5. Nf3 Bc6 6. Bd3 Nd7 7. Qe2 Ngf6 8. Bg5 h6 9. Nxf6+ Nxf6 10. Bxf6 Qxf6 11. Bb5 a6 12. Bxc6+ bxc6 13. Qe4 Bd6 14. Qxc6+ Ke7 15. O-O Rhb8 16. Rfe1 Kf8 17. Rad1 Ra7 18. Ne5 Bxe5 19. dxe5 Qe7 20. Rd7 Rb6 21. Qxb6 cxb6 22. Rxe7 Kxe7 23. Rd1 Rc7 24. Rd2 a5 25. Kf1 b5 26. Ke2 g5 27. g3 Rc4 28. Ke3 Rc8 29. c3 a4 30. a3 h5 31. Rd4 f5 32. exf6+ Kxf6 33. f4 g4 34. Rd7 Rc5 35. Rd8 Kf5 36. Rh8 Kf6 37. Rh6+ Ke7 38. Rg6 e5 39. f5 Rc8 40. Ke4 Rd8 41. Kxe5 Rd2 42. f6+ Kf8 43. Kf5 Rxb2 44. Rg7 Rc2 45. Rc7 b4 46. axb4 a3 47. Kg6 Ke8 48. f7+ Kd8 49. Ra7 1-0

[Event "Manitoba op"]
[Site "Winnipeg CAN"]
[Date "2025.05.11"]
[Round "5.8"]
[White "Pottinger, Carl"]
[Black "Zhou, Joe"]
[Result "0-1"]
[WhiteElo "1781"]
[BlackElo "1894"]
[WhiteFideId "-1"]
[WhiteFideId "-1"]
[PlyCount "80"]
[GameId "2183595120118294"]
[EventDate "2025.05.09"]
[EventType "swiss"]
[EventRounds "5"]
[EventCountry "CAN"]

1. d4 d5 2. Nf3 Nf6 3. Bf4 Bf5 4. e3 e6 5. c4 Bd6 6. Bxd6 cxd6 7. Nc3 dxc4 8. Bxc4 O-O 9. O-O d5 10. Bd3 Bxd3 11. Qxd3 Nbd7 12. Rfc1 Rc8 13. Rc2 Nb6 14. b3 a6 15. Rac1 Qd6 16. Ne2 Ne4 17. Nd2 Nxd2 18. Qxd2 h6 19. Rc5 Rb8 20. a4 Nd7 21. b4 Nb6 22. Qa2 Nc4 23. b5 axb5 24. Rxb5 b6 25. Rcb1 Na3 26. Nc3 Nxb1 27. Rxb1 Rfc8 28. Nb5 Qc6 29. g3 Ra8 30. Kg2 Qc2 31. Rb2 Qxa4 32. Qb1 Qa1 33. Qxa1 Rxa1 34. Nd6 Rb8 35. f3 b5 36. Rxb5 Rxb5 37. Nxb5 Rb1 38. Nd6 Kf8 39. e4 Ke7 40. e5 Rb4 0-1

[Event "Manitoba op"]
[Site "Winnipeg CAN"]
[Date "2025.05.11"]
[Round "5.9"]
[White "Minano, John"]
[Black "Wang, Lucas"]
[Result "1/2-1/2"]
[WhiteElo "1772"]
[BlackElo "1802"]
[WhiteFideId "-1"]
[WhiteFideId "-1"]
[PlyCount "105"]
[GameId "2183595120118295"]
[EventDate "2025.05.09"]
[EventType "swiss"]
[EventRounds "5"]
[EventCountry "CAN"]

1. Nf3 Nf6 2. g3 d5 3. Bg2 e6 4. d3 d4 5. O-O Bc5 6. Nbd2 Nc6 7. a3 a5 8. Nc4 Nd5 9. e4 Nb6 10. Nxb6 Bxb6 11. e5 Ne7 12. h4 c5 13. h5 Qc7 14. Bf4 h6 15. Re1 Bd7 16. c3 dxc3 17. bxc3 Bc6 18. Nd2 Bxg2 19. Kxg2 O-O 20. Qg4 Kh8 21. Ne4 Nd5 22. Kh2 Nxf4 23. Qxf4 Qe7 24. Rab1 Ba7 25. Nd6 b6 26. Ne4 Rab8 27. Rb2 Qd7 28. Nd6 f6 29. Qe4 fxe5 30. Nc4 Rf5 31. Nxe5 Rxh5+ 32. Kg2 Qb7 33. Qxb7 Rxb7 34. Nc6 Rd5 35. Nxa7 Rxa7 36. Rxb6 Rxd3 37. Rc1 Rd2 38. Rc6 Ra2 39. Rxc5 Rxa3 40. Rc8+ Kh7 41. c4 Rb3 42. c5 Rbb7 43. c6 Rc7 44. Re8 Kg6 45. Rxe6+ Kf7 46. Rd6 Ke7 47. Rg6 Kf7 48. Rd6 Ra6 49. Rd5 a4 50. Rdc5 Ke6 51. Ra1 Rcxc6 52. Rxc6+ Rxc6 53. Rxa4 1/2-1/2

[Event "Manitoba op U1800"]
[Site "Winnipeg CAN"]
[Date "2025.05.09"]
[Round "1.11"]
[White "Hatamian, Arad"]
[Black "Trueman, Francis"]
[Result "1-0"]
[WhiteElo "1783"]
[BlackElo "1549"]
[WhiteFideId "-1"]
[WhiteFideId "-1"]
[PlyCount "32"]
[GameId "2183595120118296"]
[EventDate "2025.05.09"]
[EventType "swiss"]
[EventRounds "5"]
[EventCountry "CAN"]

1. e4 d6 2. d4 Nd7 3. Nf3 e5 4. Nc3 Ngf6 5. Be2 Be7 6. O-O O-O 7. Re1 Re8 8. h3 Nf8 9. dxe5 dxe5 10. Nxe5 Bd6 11. Bf4 Ng6 12. Nxg6 Nxe4 13. Bxd6 Nxd6 14. Nf4 Qg5 15. g3 Nf5 16. Kh2 Bd7 1-0

[Event "Manitoba op U1800"]
[Site "Winnipeg CAN"]
[Date "2025.05.09"]
[Round "1.12"]
[White "Chan, John"]
[Black "Baylon, Jorel"]
[Result "1-0"]
[WhiteElo "1509"]
[BlackElo "1782"]
[WhiteFideId "-1"]
[WhiteFideId "-1"]
[PlyCount "143"]
[GameId "2183595120118297"]
[EventDate "2025.05.09"]
[EventType "swiss"]
[EventRounds "5"]
[EventCountry "CAN"]

1. d4 e5 2. dxe5 d6 3. Nf3 Bg4 4. exd6 Bxd6 5. g3 Bxf3 6. exf3 Qe7+ 7. Qe2 Nc6 8. Qxe7+ Ngxe7 9. Bg2 Nd4 10. Kd1 O-O-O 11. c3 Ndc6 12. Kc2 Nf5 13. Nd2 Rhe8 14. Ne4 Bf8 15. Bf4 Nfe7 16. Rad1 Nd5 17. Be3 f5 18. Bh3 g6 19. Nd2 Nxe3+ 20. fxe3 Rxe3 21. Rhe1 Rde8 22. Rxe3 Rxe3 23. f4 Re2 24. Rh1 Rf2 25. Bf1 Bc5 26. Kd1 Be3 27. Nc4 Bb6 28. Nxb6+ axb6 29. Kc1 Ne7 30. Bc4 c6 31. Re1 Kd7 32. h4 Rf3 33. Bf7 Rxg3 34. Rd1+ Kc7 35. Be6 Nd5 36. Bg8 h5 37. Bxd5 cxd5 38. Rxd5 Rg4 39. Re5 Kd6 40. Re8 Rxf4 41. Rg8 Rg4 42. Kd2 Ke5 43. Ke3 f4+ 44. Kf2 Rg3 45. Rg7 Kf5 46. Rxb7 Kg4 47. Rxb6 Kxh4 48. a4 g5 49. a5 g4 50. a6 Rf3+ 51. Kg2 Rg3+ 52. Kf2 Rf3+ 53. Ke2 Re3+ 54. Kd2 Re5 55. b4 Re8 56. a7 Ra8 57. Rb7 g3 58. Rg7 Kh3 59. Ke2 h4 60. b5 Kh2 61. b6 g2 62. Kf2 h3 63. c4 Rd8 64. b7 Rd7 65. b8=Q Rxg7 66. Qxf4+ Kh1 67. Qc1+ g1=Q+ 68. Qxg1+ Rxg1 69. a8=Q+ Rg2+ 70. Ke3 Kh2 71. Qb8+ Rg3+ 72. Kf2 1-0

[Event "Manitoba op U1800"]
[Site "Winnipeg CAN"]
[Date "2025.05.09"]
[Round "1.13"]
[White "Adeyemi, Adebowale"]
[Black "Breadner, David"]
[Result "0-1"]
[WhiteElo "1781"]
[BlackElo "1484"]
[WhiteFideId "-1"]
[WhiteFideId "-1"]
[PlyCount "142"]
[GameId "2183595120118298"]
[EventDate "2025.05.09"]
[EventType "swiss"]
[EventRounds "5"]
[EventCountry "CAN"]

1. e4 e5 2. Bc4 Nf6 3. d3 Bc5 4. Nf3 Nc6 5. a4 d6 6. h3 O-O 7. c3 a6 8. b4 Ba7 9. Bg5 b5 10. Bd5 Bb7 11. Na3 h6 12. Bh4 g5 13. Bg3 Nxd5 14. exd5 Ne7 15. c4 bxc4 16. dxc4 Nf5 17. Qc2 Nxg3 18. fxg3 e4 19. Nh2 Qf6 20. O-O-O Qa1+ 21. Nb1 Be3+ 22. Rd2 Bxd2+ 23. Kxd2 Qd4+ 24. Ke2 f5 25. Rd1 Qf6 26. Nd2 f4 27. gxf4 Qxf4 28. Ng4 h5 29. Rf1 Qg3 30. Ne3 Rxf1 31. Ndxf1 Qf4 32. Qc3 Rf8 33. b5 Qf2+ 34. Kd1 Qa2 35. Nd2 Qxa4+ 36. Ke2 axb5 37. Nxe4 bxc4 38. Nxc4 Bxd5 39. Ned2 Bxc4+ 40. Nxc4 Qe8+ 41. Ne3 Rf4 42. Qb3+ Kg7 43. Qc3+ Kf7 44. Qxc7+ Qe7 45. Qc2 Re4 46. Qb3+ Kf6 47. Kd2 Rxe3 48. Qxe3 Qxe3+ 49. Kxe3 Ke5 50. g3 d5 51. g4 hxg4 52. hxg4 d4+ 53. Kf3 d3 54. Ke3 d2 55. Kxd2 Kf4 56. Ke2 Kxg4 57. Kf2 Kh3 58. Kg1 Kg3 59. Kh1 Kh3 60. Kg1 g4 61. Kh1 g3 62. Kg1 g2 63. Kf2 Kh2 64. Kf3 g1=Q 65. Kf4 Kh3 66. Ke5 Kg4 67. Kf6 Qc5 68. Ke6 Kg5 69. Kf7 Kf5 70. Ke8 Qc7 71. Kf8 Kg6 0-1

[Event "Manitoba op U1800"]
[Site "Winnipeg CAN"]
[Date "2025.05.09"]
[Round "1.14"]
[White "Stewart, Michael"]
[Black "Li, Yuchen"]
[Result "0-1"]
[WhiteElo "1448"]
[BlackElo "1775"]
[WhiteFideId "-1"]
[WhiteFideId "-1"]
[PlyCount "134"]
[GameId "2183595120118299"]
[EventDate "2025.05.09"]
[EventType "swiss"]
[EventRounds "5"]
[EventCountry "CAN"]

1. d4 d5 2. c4 c6 3. Nf3 Nd7 4. cxd5 cxd5 5. Nc3 Ngf6 6. Bg5 Qb6 7. Na4 Qa5+ 8. Bd2 Qd8 9. Rc1 e6 10. Bf4 Bb4+ 11. Nc3 O-O 12. a3 Be7 13. Qc2 a6 14. e4 dxe4 15. Nxe4 Nd5 16. Bc7 Nxc7 17. Qxc7 b5 18. Qc6 Rb8 19. Nd6 Qa5+ 20. Nd2 Bxd6 21. Qxd6 b4 22. Nc4 Qd5 23. a4 Bb7 24. Qxd5 Bxd5 25. Ne3 Bb7 26. Be2 Rfc8 27. O-O Kf8 28. Nc4 Bd5 29. a5 Ke7 30. Ne5 Bb7 31. Bxa6 Bxa6 32. Nc6+ Rxc6 33. Rxc6 Bxf1 34. Kxf1 Rb5 35. a6 Ra5 36. Rc4 Rxa6 37. Rxb4 Kd6 38. Ke2 Nb6 39. Kd3 f5 40. g3 g5 41. Rb5 h6 42. f3 Nd7 43. h3 Ra1 44. h4 gxh4 45. gxh4 Rh1 46. d5 Rd1+ 47. Kc3 Rxd5 48. Rb4 e5 49. Ra4 Nc5 50. Ra8 Rd3+ 51. Kc2 Rxf3 52. b4 Rf2+ 53. Kc3 Ne4+ 54. Kd3 h5 55. Rf8 Kd5 56. Rd8+ Nd6 57. Rh8 e4+ 58. Ke3 Rf3+ 59. Ke2 Rb3 60. Rxh5 Rxb4 61. Rg5 Ke5 62. h5 Rb2+ 63. Kf1 e3 64. Rg3 Kf4 65. Rg6 e2+ 66. Kf2 Ne4+ 67. Ke1 Ke3 0-1

[Event "Manitoba op U1800"]
[Site "Winnipeg CAN"]
[Date "2025.05.09"]
[Round "1.15"]
[White "Jo, Asher"]
[Black "Toews, Thomas"]
[Result "0-1"]
[WhiteElo "1745"]
[BlackElo "1444"]
[WhiteFideId "-1"]
[WhiteFideId "-1"]
[PlyCount "76"]
[GameId "2183595120118300"]
[EventDate "2025.05.09"]
[EventType "swiss"]
[EventRounds "5"]
[EventCountry "CAN"]

1. e4 c6 2. Nf3 d5 3. exd5 cxd5 4. d4 Nc6 5. c4 Bg4 6. Be3 e6 7. cxd5 Qxd5 8. Nc3 Qa5 9. Qb3 Bb4 10. a3 Bxc3+ 11. bxc3 Qc7 12. Bb5 Bxf3 13. gxf3 Nge7 14. Rg1 Qxh2 15. Ke2 O-O 16. Rh1 Qc7 17. Qb1 f5 18. Bc4 Nd5 19. Qa2 Nxc3+ 20. Kd3 Nxa2 21. Bxe6+ Kh8 22. Bxa2 Rad8 23. Rh2 f4 24. Bd2 Rxd4+ 25. Ke2 Qe5+ 26. Kd1 Rxd2+ 27. Kxd2 Qxa1 28. Bc4 Rd8+ 29. Kc2 Nd4+ 30. Kd3 Nxf3+ 31. Ke4 Nxh2 32. Kf5 Qf6+ 33. Ke4 Qd4+ 34. Kf5 Qxc4 35. Kg5 Rd5+ 36. Kh4 f3+ 37. Kg3 Qg4+ 38. Kxh2 Rh5# 0-1

[Event "Manitoba op U1800"]
[Site "Winnipeg CAN"]
[Date "2025.05.09"]
[Round "1.16"]
[White "Lee, Zach Nathaniel"]
[Black "Hansima, Charitha"]
[Result "0-1"]
[WhiteElo "1425"]
[BlackElo "1690"]
[WhiteFideId "-1"]
[WhiteFideId "-1"]
[PlyCount "90"]
[GameId "2183595120118301"]
[EventDate "2025.05.09"]
[EventType "swiss"]
[EventRounds "5"]
[EventCountry "CAN"]

1. e4 e6 2. Nf3 d5 3. exd5 exd5 4. d4 Nf6 5. Bd3 Bd6 6. O-O O-O 7. Nc3 Be6 8. Bg5 Be7 9. Ne5 Nc6 10. Bxf6 Bxf6 11. Qh5 g6 12. Qe2 Nxd4 13. Qe3 Nf5 14. Bxf5 Bxf5 15. Nd3 d4 16. Qf3 dxc3 17. bxc3 c6 18. Rad1 Qc7 19. g4 Bxd3 20. Rxd3 Be5 21. Qh3 Rad8 22. Rf3 Rfe8 23. Qh6 Bg7 24. Qh4 Qe7 25. g5 Qe4 26. Rf4 Qe6 27. Kh1 Bxc3 28. Rf3 Qe2 29. Kg2 Re4 30. Qh3 Bd2 31. Qg3 Qc4 32. h3 Bf4 33. Qh4 Rd5 34. Rb1 Rxg5+ 35. Kh1 Rf5 36. Rxf4 Rexf4 37. Qd8+ Kg7 38. Qd7 Qe4+ 39. Kg1 Rg5+ 40. Qg4 Rgxg4+ 41. hxg4 Rxg4+ 42. Kf1 Rh4 43. f3 Qxf3+ 44. Ke1 Rh2 45. Rb3 Qh1# 0-1

[Event "Manitoba op U1800"]
[Site "Winnipeg CAN"]
[Date "2025.05.09"]
[Round "1.17"]
[White "Lake, Pablo"]
[Black "Johnston, Devin"]
[Result "1-0"]
[WhiteElo "1687"]
[BlackElo "1413"]
[WhiteFideId "-1"]
[WhiteFideId "-1"]
[PlyCount "83"]
[GameId "2183595120126494"]
[EventDate "2025.05.09"]
[EventType "swiss"]
[EventRounds "5"]
[EventCountry "CAN"]

1. e4 c5 2. Nc3 Nc6 3. f4 g6 4. Nf3 Bg7 5. Bb5 Nf6 6. O-O O-O 7. d3 Nd4 8. Nxd4 cxd4 9. Ne2 Qb6 10. a4 d5 11. e5 Nh5 12. h3 Bh6 13. g4 Ng7 14. g5 Bxg5 15. fxg5 Bxh3 16. Rf2 a6 17. Nf4 axb5 18. Nxh3 Qe6 19. Nf4 Qxe5 20. Qg4 f6 21. Bd2 Rxa4 22. Re1 Qxg5 23. Qxg5 fxg5 24. Nxd5 Nf5 25. Nxe7+ Kg7 26. Bxg5 Ne3 27. Bxe3 dxe3 28. Rxe3 Rg4+ 29. Kf1 Rgf4 30. Rxf4 Rxf4+ 31. Kg2 Kf8 32. Nd5 Rf5 33. Rf3 Kf7 34. Rxf5+ gxf5 35. Kf3 Ke6 36. Ne3 Ke5 37. c3 h5 38. d4+ Kf6 39. Kf4 h4 40. Nxf5 h3 41. Ne3 h2 42. Ng4+ 1-0

[Event "Manitoba op U1800"]
[Site "Winnipeg CAN"]
[Date "2025.05.09"]
[Round "1.18"]
[White "Pacin, Ondrej"]
[Black "Joynt, Kayden"]
[Result "0-1"]
[WhiteElo "1403"]
[BlackElo "1671"]
[WhiteFideId "-1"]
[WhiteFideId "-1"]
[PlyCount "66"]
[GameId "2183595120126495"]
[EventDate "2025.05.09"]
[EventType "swiss"]
[EventRounds "5"]
[EventCountry "CAN"]

1. e4 e6 2. d4 d5 3. e5 c5 4. c3 Nc6 5. Nf3 Bd7 6. Be2 Nge7 7. O-O Nf5 8. Na3 cxd4 9. cxd4 Qb6 10. Nc2 Be7 11. b3 O-O 12. g4 Nh4 13. Nxh4 Bxh4 14. Be3 f5 15. f4 Be7 16. g5 Kf7 17. Bh5+ g6 18. Be2 Rh8 19. Kg2 Rag8 20. Rh1 Ke8 21. h4 h6 22. Qe1 Bb4 23. Nxb4 Nxb4 24. Qd1 h5 25. Qd2 Kf7 26. Rhc1 Rc8 27. Qd1 Rxc1 28. Bxc1 Rc8 29. Bb2 Rc2 30. Rb1 Bb5 31. Rc1 Bxe2 32. Qe1 Nd3 33. Qg1 Rxb2 0-1

[Event "Manitoba op U1800"]
[Site "Winnipeg CAN"]
[Date "2025.05.09"]
[Round "1.19"]
[White "Melnyk, James"]
[Black "Hui, Zenas"]
[Result "0-1"]
[WhiteElo "1647"]
[BlackElo "1318"]
[WhiteFideId "-1"]
[WhiteFideId "-1"]
[PlyCount "96"]
[GameId "2183595120126496"]
[EventDate "2025.05.09"]
[EventType "swiss"]
[EventRounds "5"]
[EventCountry "CAN"]

1. e4 c5 2. c3 Nc6 3. Nf3 g6 4. d4 cxd4 5. cxd4 Bg7 6. Nc3 e6 7. Bb5 Nge7 8. O-O O-O 9. Be3 h6 10. Qd2 Kh7 11. d5 exd5 12. Nxd5 Nxd5 13. exd5 Ne7 14. Bc4 b6 15. Bd4 Nf5 16. Bxg7 Kxg7 17. Rfe1 d6 18. Re2 Qf6 19. Rd1 Bd7 20. Rde1 Rfe8 21. a3 Rxe2 22. Rxe2 Re8 23. Rxe8 Bxe8 24. g4 Nh4 25. Nxh4 Qxh4 26. Qd4+ Qf6 27. Qxf6+ Kxf6 28. f4 Bd7 29. h3 h5 30. Be2 hxg4 31. hxg4 g5 32. f5 Ke5 33. Bf3 f6 34. Kf2 Kf4 35. Be2 Ba4 36. b4 Bb3 37. Bf3 Ke5 38. Ke2 Bxd5 39. Bxd5 Kxd5 40. Kd3 b5 41. Kd2 Kd4 42. Kd1 Kd3 43. Ke1 d5 44. Kd1 d4 45. Kc1 Kc3 46. Kd1 d3 47. Kc1 d2+ 48. Kd1 a6 0-1

[Event "Manitoba op U1800"]
[Site "Winnipeg CAN"]
[Date "2025.05.09"]
[Round "1.21"]
[White "Gannon, Keith"]
[Black "Klokow, John"]
[Result "0-1"]
[WhiteElo "1641"]
[BlackElo "1786"]
[WhiteFideId "-1"]
[WhiteFideId "-1"]
[PlyCount "56"]
[GameId "2183595120126498"]
[EventDate "2025.05.09"]
[EventType "swiss"]
[EventRounds "5"]
[EventCountry "CAN"]

1. d4 Nf6 2. c4 g6 3. Nc3 d5 4. c5 Bg7 5. e3 O-O 6. Nf3 b6 7. cxb6 axb6 8. Be2 Ba6 9. Bxa6 Nxa6 10. O-O Re8 11. Re1 c5 12. dxc5 bxc5 13. a3 e6 14. Bd2 c4 15. Rb1 Nc5 16. Ne5 Qc7 17. f4 Reb8 18. Qe2 Nfd7 19. Nxd7 Qxd7 20. Red1 Nd3 21. Be1 Rb3 22. h3 Rab8 23. g4 Rxb2 24. Rxb2 Rxb2 25. Qf1 Qa7 26. a4 Qxe3+ 27. Kh1 Nxe1 28. Qxe1 Qxh3+ 0-1

[Event "Manitoba op U1800"]
[Site "Winnipeg CAN"]
[Date "2025.05.10"]
[Round "2.11"]
[White "Breadner, David"]
[Black "Hatamian, Arad"]
[Result "1-0"]
[WhiteElo "1484"]
[BlackElo "1783"]
[WhiteFideId "-1"]
[WhiteFideId "-1"]
[PlyCount "129"]
[GameId "2183595120130599"]
[EventDate "2025.05.09"]
[EventType "swiss"]
[EventRounds "5"]
[EventCountry "CAN"]

1. d4 f5 2. c4 Nf6 3. Nc3 e6 4. Bf4 Bb4 5. Nf3 Bxc3+ 6. bxc3 Ne4 7. d5 d6 8. Qb3 e5 9. Bc1 b6 10. e3 Nd7 11. Be2 Ndf6 12. O-O g5 13. Nd2 h5 14. f3 Nc5 15. Qc2 Qe7 16. Ba3 Nb7 17. Bd3 Qh7 18. Rae1 Bd7 19. Nb3 Ke7 20. Rf2 Raf8 21. Ref1 g4 22. e4 f4 23. g3 fxg3 24. Rg2 gxh2+ 25. Rxh2 g3 26. Rh4 Qg7 27. f4 exf4 28. e5 Ng4 29. exd6+ cxd6 30. Re1+ Ne5 31. Qe2 f3 32. Qxe5+ Qxe5 33. Rxe5+ Kd8 34. Rg5 Bg4 35. Nd4 Re8 36. Ne6+ Kc8 37. Rg7 Nd8 38. Rc7+ Kb8 39. Bxd6 Nxe6 40. Re7+ Ka8 41. dxe6 Rxe7 42. Bxe7 Re8 43. Be4+ Kb8 44. Bd6+ Kc8 45. e7 Kd7 46. Bg6 Rh8 47. e8=Q+ Rxe8 48. Bxe8+ Kxe8 49. Bxg3 Kd7 50. Be5 Ke6 51. Bd4 Kf5 52. Kf2 Ke4 53. Rh1 Kd3 54. c5 bxc5 55. Bxc5 Kxc3 56. Bxa7 Kb4 57. Ra1 Ka3 58. Bc5+ Ka4 59. a3 Kb5 60. Be7 Ka4 61. Kg3 Ka5 62. a4 Ka6 63. a5 Ka7 64. a6 Ka8 65. a7 1-0

[Event "Manitoba op U1800"]
[Site "Winnipeg CAN"]
[Date "2025.05.10"]
[Round "2.11"]
[White "Klokow, John"]
[Black "Jin, Winston"]
[Result "1-0"]
[WhiteElo "1786"]
[BlackElo "1584"]
[WhiteFideId "-1"]
[WhiteFideId "-1"]
[PlyCount "111"]
[GameId "2183595120130600"]
[EventDate "2025.05.09"]
[EventType "swiss"]
[EventRounds "5"]
[EventCountry "CAN"]

1. e4 e5 2. Nf3 Nc6 3. Bc4 Bc5 4. O-O Nf6 5. d3 d6 6. c3 O-O 7. h3 h6 8. a4 a5 9. Bb3 Be6 10. Nbd2 Bb6 11. Bc2 Re8 12. Re1 Qd7 13. Nf1 Ne7 14. d4 exd4 15. cxd4 c6 16. Be3 Ng6 17. d5 Bxe3 18. dxe6 Bxf2+ 19. Kxf2 Qxe6 20. Nd4 Qe5 21. Nf5 Qxb2 22. Rb1 Qa2 23. Kg1 Nf4 24. Qd2 Qc4 25. Qxf4 Qxc2 26. Nxh6+ gxh6 27. Qxf6 Qxa4 28. Rxb7 Qc4 29. Rc1 Qe6 30. Qxe6 Rxe6 31. Rxc6 Rxe4 32. Rxd6 a4 33. Nd2 a3 34. Nxe4 a2 35. Rd1 a1=Q 36. Rxa1 Rxa1+ 37. Kf2 Ra3 38. Nd6 Ra6 39. Rd7 Rb6 40. g3 Rb2+ 41. Kf3 Rb3+ 42. Kg4 Rb4+ 43. Kh5 Rb8 44. Kxh6 Ra8 45. Rxf7 Ra4 46. Rg7+ Kf8 47. Nf5 Rb4 48. h4 Ra4 49. h5 Rb4 50. g4 Ra4 51. g5 Ra5 52. Nh4 Ra6+ 53. g6 Ra5 54. Rb7 Ra8 55. Nf5 Re8 56. Kh7 1-0

[Event "Manitoba op U1800"]
[Site "Winnipeg CAN"]
[Date "2025.05.10"]
[Round "2.13"]
[White "Li, Yuchen"]
[Black "Chan, John"]
[Result "1-0"]
[WhiteElo "1775"]
[BlackElo "1509"]
[WhiteFideId "-1"]
[WhiteFideId "-1"]
[PlyCount "103"]
[GameId "2183595120130601"]
[EventDate "2025.05.09"]
[EventType "swiss"]
[EventRounds "5"]
[EventCountry "CAN"]

1. e4 e5 2. Nf3 Nc6 3. Bc4 Nf6 4. d3 g6 5. a3 Bg7 6. Nc3 O-O 7. Bg5 Nd4 8. Nd5 c6 9. Nxf6+ Bxf6 10. Bh6 Re8 11. O-O d5 12. Ba2 Bg4 13. exd5 cxd5 14. c3 Nxf3+ 15. gxf3 Bh3 16. Re1 Bg5 17. f4 Bxh6 18. Qf3 Qh4 19. fxe5 Bf4 20. d4 Bf5 21. Bxd5 Qxh2+ 22. Kf1 h5 23. Qh1 Bd3+ 24. Re2 Qxh1+ 25. Bxh1 Bxe2+ 26. Kxe2 Rab8 27. Kd3 b6 28. Ke4 Bg5 29. f4 Bh6 30. d5 f6 31. e6 Rbd8 32. Rg1 Kh7 33. f5 gxf5+ 34. Kxf5 Rxd5+ 35. Bxd5 Bg5 36. Bc6 Re7 37. Rd1 Rxe6 38. Kxe6 h4 39. Rd7+ Kg6 40. Rxa7 h3 41. Rb7 Kh5 42. Rxb6 Kg4 43. a4 Kg3 44. a5 h2 45. a6 Be3 46. Rb8 f5 47. Kxf5 Bc1 48. a7 Bxb2 49. a8=Q Bxc3 50. Bh1 Bh8 51. Qf3+ Kh4 52. Rxh8# 1-0

[Event "Manitoba op U1800"]
[Site "Winnipeg CAN"]
[Date "2025.05.10"]
[Round "2.14"]
[White "Hansima, Charitha"]
[Black "Toews, Thomas"]
[Result "1-0"]
[WhiteElo "1690"]
[BlackElo "1444"]
[WhiteFideId "-1"]
[WhiteFideId "-1"]
[PlyCount "127"]
[GameId "2183595120130602"]
[EventDate "2025.05.09"]
[EventType "swiss"]
[EventRounds "5"]
[EventCountry "CAN"]

1. c4 e5 2. Nc3 Nf6 3. e4 Bc5 4. g3 Nc6 5. Bg2 d6 6. Nge2 Be6 7. d3 O-O 8. O-O Nd4 9. Bg5 h6 10. Be3 a6 11. a3 Rb8 12. b4 Nxe2+ 13. Qxe2 Bxe3 14. Qxe3 c5 15. bxc5 dxc5 16. Nd5 b6 17. Rab1 Ng4 18. Qf3 f5 19. Qe2 f4 20. Rb2 g5 21. Rfb1 Bxd5 22. exd5 h5 23. Qe4 Rf6 24. h3 Nh6 25. Qxe5 Nf7 26. Qe2 Qd6 27. g4 Ne5 28. Be4 h4 29. Rb3 Qe7 30. Bf5 Qc7 31. Be6+ Kg7 32. Re1 Nf7 33. f3 b5 34. Reb1 Nd6 35. cxb5 Nxb5 36. Qe1 Rff8 37. a4 Nd4 38. Rxb8 Rxb8 39. Qd1 Rxb1 40. Qxb1 Nxf3+ 41. Kf2 Nd4 42. Qb2 Kf8 43. a5 Qe5 44. Bf5 Qe3+ 45. Kg2 Qg3+ 46. Kf1 Qxh3+ 47. Qg2 Qxg2+ 48. Kxg2 Ke7 49. Bc8 f3+ 50. Kf2 Kd6 51. Bxa6 Kc7 52. Bc4 Nc2 53. a6 Nb4 54. d6+ Kb6 55. d7 Nc6 56. Bd5 Nd8 57. Bb7 Ka7 58. Kxf3 Kb8 59. Bd5 Ka7 60. Ke4 Kxa6 61. Kf5 Kb6 62. Kxg5 h3 63. Kf6 Kc7 64. Ke7 1-0

[Event "Manitoba op U1800"]
[Site "Winnipeg CAN"]
[Date "2025.05.10"]
[Round "2.15"]
[White "Hui, Zenas"]
[Black "Lake, Pablo"]
[Result "0-1"]
[WhiteElo "1318"]
[BlackElo "1687"]
[WhiteFideId "-1"]
[WhiteFideId "-1"]
[PlyCount "37"]
[GameId "2183595120130603"]
[EventDate "2025.05.09"]
[EventType "swiss"]
[EventRounds "5"]
[EventCountry "CAN"]

1. c4 e5 2. g3 g6 3. Nc3 Bg7 4. Bg2 Nc6 5. e3 f5 6. Nge2 Nf6 7. O-O Nb4 8. d3 O-O 9. a3 Nc6 10. Nd5 d6 11. Nxf6+ Bxf6 12. Nc3 Ne7 13. Bd2 c6 14. b4 Kh8 15. Rc1 Rg8 16. Ne2 g5 17. Bc3 f4 18. exf4 gxf4 19. Nxf4 0-1